000 00528 a2200157 4500
005 20250429114719.0
020 _a978-0-07-353059-8
082 _a658.15 ROS
100 _aROSS, S .A .
245 _aCorporate Finance: Core Principles & Applications
260 _aBoston,
_bMcGraw - Hill & Irwin,
_c2007.
300 _axxxiv, 686p.: ill.; figure, table,
_bindex,
_c26cm.
700 _aWESTERFIELD, R . W. , JAFFE, J . F . & JORDAN, B . D .
856 _yAccess Online Book
_fFinance,
_dwww.mhhe.com/rwj
942 _2ddc
_cBKS
999 _c1768
_d1768